IFM Opac

Insurance Claims Solutions: A Guide to Life and General Insurance Claims (Record no. 16007)

MARC details
000 -LEADER
fixed length control field 00558nam a22001937a 4500
003 - CONTROL NUMBER IDENTIFIER
control field OSt
005 - DATE AND TIME OF LATEST TRANSACTION
control field 20220831113756.0
008 - FIXED-LENGTH DATA ELEMENTS--GENERAL INFORMATION
fixed length control field 220831b |||||||| |||| 00| 0 eng d
040 ## - CATALOGING SOURCE
Transcribing agency IFM Library
082 ## - DEWEY DECIMAL CLASSIFICATION NUMBER
Classification number 368.014
100 ## - MAIN ENTRY--PERSONAL NAME
Personal name Gupta, L.P.
9 (RLIN) 8876
245 ## - TITLE STATEMENT
Title Insurance Claims Solutions: A Guide to Life and General Insurance Claims
250 ## - EDITION STATEMENT
Edition statement Revised Second Edition
260 ## - PUBLICATION, DISTRIBUTION, ETC.
Place of publication, distribution, etc. Bhopal:
Name of publisher, distributor, etc. Dr L.P.Gupta,
Date of publication, distribution, etc. 2015
300 ## - PHYSICAL DESCRIPTION
Extent vi,180p.
Other physical details ill.; 20cm
500 ## - GENERAL NOTE
General note Include Appendix and Reference
650 ## - SUBJECT ADDED ENTRY--TOPICAL TERM
Topical term or geographic name entry element Insurance
9 (RLIN) 9153
942 ## - ADDED ENTRY ELEMENTS (KOHA)
Koha item type Books
Source of classification or shelving scheme Dewey Decimal Classification
Suppress in OPAC No
Holdings
Withdrawn status Lost status Source of classification or shelving scheme Damaged status Not for loan Collection code Home library Current library Shelving location Date acquired Source of acquisition Full call number Barcode Date last seen Price effective from Koha item type
    Dewey Decimal Classification     Non-fiction IFM Main Campus Library IFM Main Campus Library Special Reserve Collection 08/31/2022 Purchase 368.014 GUP 0000020179 06/03/2016 02/19/2022 Books
    Dewey Decimal Classification     Non-fiction IFM Main Campus Library IFM Main Campus Library Special Reserve Collection 08/31/2022 Purchase 368.014 GUP 0000020180 06/03/2016 02/19/2022 Books
    Dewey Decimal Classification       IFM Mwanza Campus IFM Mwanza Campus   06/03/2016   368.014 GUP 0000020181 06/03/2016 06/03/2016 Books